Nuclear politics / (Record no. 600730)
[ view plain ]
| 000 -LEADER | |
|---|---|
| fixed length control field | 00222nam a2200097Ia 4500 |
| 008 - FIXED-LENGTH DATA ELEMENTS--GENERAL INFORMATION | |
| fixed length control field | 230907s9999||||xx |||||||||||||| ||und|| |
| 082 ## - DEWEY DECIMAL CLASSIFICATION NUMBER | |
| Classification number | 327.1747 |
| Author Mark | NUC |
| 245 #0 - TITLE STATEMENT | |
| Title | Nuclear politics / |
| 300 ## - PHYSICAL DESCRIPTION | |
| Extent | 4 volumes ; |
| 942 ## - ADDED ENTRY ELEMENTS (KOHA) | |
| Koha item type | Book |
| Withdrawn status | Lost status | Damaged status | Not for loan | Permanent Location | Current Location | Date acquired | Total Checkouts | Full call number | Barcode | Date last seen | Price effective from | Koha item type |
|---|---|---|---|---|---|---|---|---|---|---|---|---|
| US-Pakistan Center for Advanced Studies in Energy (USPCAS-E) | US-Pakistan Center for Advanced Studies in Energy (USPCAS-E) | 11/04/2019 | 327.1747 NUC | CAS-E0004829 | 09/12/2023 | 09/12/2023 | Book |
